00771nam a22002057a 4500999001900000005001700019010001500036020002600051035001400077037000900091082001100100100002800111245008500139260004800224270008700272300002600359700002200385942002500407952013300432 c186291d18629120220221173916.0 aENG-131724 a9788194368564c899.00 aEN-115256 bDBAD a005.13 aPatra, P. Santosh Kumar aProgramming for Problem Solving in 'C'/cP. Santosh Kumar Patra, A Mruthyunjayam aHyderabadbS International Publishersc2020 a# 326/C, Level-2, Surneni Nilayam Near B K Guda Park, S R NagarbHyderabade500038 axvi, 584p.c25cm(hbk) aMruthyunjayam, A. 2ddccENh005.13mPAT 001040708NFICaBNbBNd2022-02-21eDBAD/PUBg899.00l1o005.13 PATpEN-115256r2022-09-24 00:00:00s2022-09-07t1v899.00yEN